| 000 | 01662nam a2200229Ia 4500 | ||
|---|---|---|---|
| 003 | Ost | ||
| 005 | 20260507074955.0 | ||
| 008 | 260507s9999||||xx |||||||||||||| ||und|| | ||
| 020 | _a9774100336 | ||
| 040 | _cfsecg | ||
| 041 | _aara | ||
| 082 | _a657 | ||
| 100 |
_aإلهامي، محمد عادل _eمؤلف |
||
| 245 | 0 |
_aالمحاسبة الحكومية والمحاسبة الاقتصادية القومية مدخل معاصر / _c محمد عادل إلهامي |
|
| 260 |
_aالقاهرة: _bالمكتبة العصرية للنشر والتوزيع, _c2006 |
||
| 300 |
_a505 صفحة؛ _bإيضاحات ؛ _c25 سم |
||
| 520 | _aمدخل تمهيدي في المحاسبة الحكومية والمحاسبة الاقتصادية القومية،المحاسبة في الوحدات الحكومية،الأساس العلمي للمحاسبة في الوحدات الحكومية وفقا لدراسة المجلس الأمريكي للمحاسبة الحكومية،الموازنة العامة للدولة،النظام الجديد لإعداد الموازنة العامة للدولة،هيكل النظام المحاسبي الحكومي،الرقابة وتقييم الأداء في الوحدات،المحاسبة الاقتصادية القومية،الأسس العلمية والعملية لإعداد الحسابات القومية،نظام الحسابات الاقتصادية القومية في جمهورية مصر العربية | ||
| 653 | _aالمحاسبة الحكومية | ||
| 653 | _aالمحاسبة القومية | ||
| 700 |
_aأحمد السقا، السيد _eمؤلف ثانوي |
||
| 942 | _cكتاب | ||
| 999 |
_c42022 _d42022 |
||